| 000 | 00596nam a2200205Ia 4500 | ||
|---|---|---|---|
| 005 | 20250508151732.0 | ||
| 008 | 008 250505s9999 xx 000 0 eng d | ||
| 037 | _aTextual | ||
| 040 |
_aFEDL _beng _cFEDL |
||
| 041 |
_aeng _2eng |
||
| 084 |
_a371.3, GIL _qFEDL |
||
| 100 |
_aGill D M _9759857 |
||
| 245 | 0 | _aMethods of teaching for sunday schools of to-day | |
| 260 |
_aLondon, UK _bThe National Sunday School Union |
||
| 300 | _a125p. | ||
| 650 |
_aTeacher - Techniqe _9756430 |
||
| 700 |
_a Pullen A M _9759858 |
||
| 942 |
_cTEXL _h371.3, GIL |
||
| 999 |
_c1331797 _d1331797 |
||